header

Arctic sea ice decline (Record no. 38935)

MARC details
000 -LEADER
fixed length control field 01617nam a2200385Ia 4500
082 04 - DEWEY DECIMAL CLASSIFICATION NUMBER
Classification number 551.34/3091632
245 00 - TITLE STATEMENT
Title Arctic sea ice decline
260 ## - PUBLICATION, DISTRIBUTION, ETC. (IMPRINT)
Place of publication Washington, DC :
Name of publisher American Geophysical Union,
Year of publication c2008.
300 ## - PHYSICAL DESCRIPTION
Number of Pages viii, 269 p. :
Other physical details ill. (some col.), maps (some col.)
650 #0 - SUBJECT ADDED ENTRY--TOPICAL TERM
Topical Term Climatic changes
Topical Term Environmental impact analysis
Topical Term Sea ice
700 1# - ADDED ENTRY--PERSONAL NAME
Personal name Bitz, Cecilia M.
Personal name DeWeaver, Eric T.,
Personal name Tremblay, L.-Bruno.
856 40 - ELECTRONIC LOCATION AND ACCESS
Uniform Resource Identifier http://site.ebrary.com/lib/rucke/Doc?id=10726730

No items available.

© 2026 Rongo University
Contact us: librarian | system librarian | Rongo university